000 00441nam a2200157 i 4500
001 88187
003 ES-MaACL
005 20230906175821.0
007 t|
008 050103s1965 sp ||||1| spa d
100 1 _aLahidalga, José María.
_969638
245 1 0 _aDiálogo y obediencia en la iglesia hoy /
_cJosé María Lahidalga.
260 _aMadrid :
_bZYX,
_c[1965]
300 _a69 p. ;
_c17 cm.
852 _aES-MaACL
_jC-28934
_bR.57813
999 _c88187
_d88187